[Event "XXX Torre Memorial 2018"]
[Site "Merida"]
[Date "2018.12.14"]
[Round "1"]
[White "Bok, Benjamin"]
[Black "De Vreesse Pieters, Seppe"]
[Result "1-0"]
[WhiteElo "2643"]
[BlackElo "2229"]
[Annotator "TA"]
[PlyCount "73"]
[EventDate "2018.12.15"]
[EventType "swiss"]
[EventCountry "MEX"]
[SourceTitle "playchess.com"]
[Source "ChessBase"]
[SourceQuality "1"]

{[%evp 24,73,50,31,87,63,71,77,58,58,122,126,138,145,177,182,168,167,209,188,282,287,328,328,418,415,585,585,576,577,609,600,735,770,763,760,746,746,665,518,512,515,515,496,566,562,560,560,549,548,625,614]} 1. d4 d6 2. Nf3 g6 3. c4 Bg7 4. Nc3 Nf6 5. g3 O-O 6. Bg2 Nc6 7. O-O Bf5 8. Ne1 Na5 9. e4 {E62: King's Indian: Fianchetto: 6...c6 and Panno Variation (6...Nc6) without ...a6} Bg4 10. f3 Bd7 11. b3 c5 12. Nc2 Nc6 13. Be3 {[#] LiveBook: 8 Games} b6 $146 (13... Qa5 $14 14. Qd3 a6) ({Predecessor:} 13... Qa5 14. Qd2 a6 15. a3 cxd4 16. Nxd4 Nxd4 17. Bxd4 {½-½ (35) Georgiev,K (2636)-Smirin,I (2663) Khanty-Mansiysk 2013}) 14. Qd2 e5 15. dxe5 dxe5 16. Bg5 Be6 (16... Qe8 $14) 17. Nd5 $16 Bxd5 18. cxd5 Nd4 19. Nxd4 cxd4 {[#]} 20. Bh3 $1 Qd6 21. Rac1 Nxd5 (21... Qe7 {might work better.} 22. Rc6 Rad8) 22. exd5 $18 Qxd5 23. Rc7 f5 24. Rfc1 Rf7 (24... Kh8 $142 25. Bf1 f4) 25. Bf1 {White is clearly winning.} Rxc7 26. Rxc7 Qd6 27. Qc2 Kh8 28. Be7 {[#] White threatens Rc8+ and mate.} Qd5 29. Rc8+ Rxc8 30. Qxc8+ Qg8 31. Qxg8+ Kxg8 32. Bc4+ Kh8 33. Kf2 Bh6 34. Bd6 e4 35. fxe4 fxe4 36. Bd5 e3+ 37. Ke2 {Accuracy: White = 96%, Black = 21%.} 1-0

[Event "XXX Torre Memorial 2018"]
[Site "Merida"]
[Date "2018.12.14"]
[Round "1"]
[White "Baryshpolets, Andrey"]
[Black "Carreto Nieto, Geovanni"]
[Result "1-0"]
[WhiteElo "2578"]
[BlackElo "2213"]
[Annotator "TA"]
[PlyCount "97"]
[EventDate "2018.12.15"]
[EventType "swiss"]
[EventCountry "MEX"]
[SourceTitle "playchess.com"]
[Source "ChessBase"]
[SourceQuality "1"]

{[%evp 32,97,49,46,49,40,40,28,26,30,23,36,120,39,68,49,50,43,51,43,54,36,42,50,48,50,51,43,50,41,58,0,0,0,0,0,103,103,590,590,590,588,581,583,583,574,595,595,595,595,595,595,595,588,588,581,693,557,1762,1557,1296,1266,6170,5479,29970,29970,29968,29969]} 1. Nf3 c5 2. c4 Nc6 3. d4 cxd4 4. Nxd4 g6 5. e4 Bg7 6. Be3 Nf6 7. Nc3 O-O 8. Be2 d6 9. O-O Nxd4 10. Bxd4 Bd7 11. Qd2 Bc6 12. f3 a5 13. b3 Nd7 14. Bf2 Nc5 15. Rab1 Qb6 16. a3 {B38: Sicilian: Maroczy Bind with 5...Bg7 and 7...0-0} Qd8 17. Bd1 {LiveBook: 9 Games} Qb8 18. Bc2 {White is slightly better.} Rc8 19. Rfe1 $146 ({Predecessor:} 19. a4 Rc7 20. Rbe1 Qf8 21. f4 e6 22. Bxc5 dxc5 23. e5 f6 {½-½ (32) Hernandez,G (2485)-Petursson,M (2550) Linares 1994}) 19... b5 20. cxb5 Bxb5 {And now ...Bxc3 would win.} 21. Nd5 Ra7 {[#]} ({Black should play} 21... Qb7 $14) 22. b4 (22. e5 $1 $16) 22... axb4 $14 23. Rxb4 e6 {[#]} 24. a4 $1 {[%mdl 512]} exd5 (24... Bxa4 25. Rxb8) 25. Rxb5 Qa8 26. Bxc5 Rxc5 27. Rxc5 dxc5 28. Qxd5 ({Reject} 28. exd5 Bd4+ 29. Kh1 Qxd5 $15) 28... Bd4+ 29. Kh1 Qb8 30. e5 Qb2 31. Bb3 (31. Qe4 $14) 31... Qc3 $11 {[%cal Rc3e1]} 32. Qd8+ Kg7 {[%cal Rc3e1]} 33. Qf6+ Kg8 {[#]} (33... Kh6 $11 {remains equal.} 34. Qh4+ Kg7) 34. Rb1 $1 $16 {White threatens Bxf7+! and mate.} ({But not} 34. Qd8+ $6 Kg7 $11) 34... Bxe5 $2 {[%mdl 8192] [#]} (34... c4 $16 35. Bxc4 Bc5) 35. Bxf7+ $1 $18 {[%mdl 512]} Rxf7 {[#]} 36. Rb8+ $1 {[%mdl 576] Deflection} Bxb8 {[%cal Rc3e1]} 37. Qxc3 {[%mdl 4096] Endgame KQ-KRB} Ba7 38. g3 Re7 39. Qf6 Rf7 40. Qe6 Kg7 41. Kg2 Bb8 42. Qc6 Ba7 43. Qd6 Rf8 44. f4 Rf5 45. g4 {[%cal Bg3g4,Bg4f5,Bf5f6][%mdl 32]} Rf7 46. Qe5+ Kg8 47. f5 gxf5 48. gxf5 c4 49. f6 {Accuracy: White = 68%, Black = 43%.} 1-0

[Event "XXX Torre Memorial 2018"]
[Site "Merida"]
[Date "2018.12.14"]
[Round "1"]
[White "Gonzalez Vidal, Yuri"]
[Black "Acosta Cruz, Oscar Yosimar"]
[Result "1-0"]
[WhiteElo "2553"]
[BlackElo "2212"]
[Annotator "TA"]
[PlyCount "59"]
[EventDate "2018.12.15"]
[EventType "swiss"]
[EventCountry "MEX"]
[SourceTitle "playchess.com"]
[Source "ChessBase"]
[SourceQuality "1"]

{[%evp 28,59,79,81,95,65,66,69,87,67,80,81,116,60,68,62,80,54,98,33,34,34,158,147,332,312,311,291,392,402,382,394,29997,29994]} 1. Nf3 Nf6 2. c4 c5 3. Nc3 g6 4. e4 d6 5. d4 cxd4 6. Nxd4 Bg7 7. Be2 a6 8. O-O O-O 9. Be3 Bd7 10. Qd2 Re8 11. f3 Nc6 12. Rfd1 Rc8 13. Rac1 Nxd4 14. Bxd4 Bc6 15. b4 {LiveBook: 3 Games. B38: Sicilian: Maroczy Bind with 5...Bg7 and 7...0-0} b6 16. Kh1 $146 ({Predecessor:} 16. Bf1 Nd7 17. Be3 a5 18. a3 axb4 19. axb4 Ra8 20. Qf2 Qb8 21. Nd5 Bxd5 22. cxd5 b5 23. Qe2 Ra3 24. Bf2 Ne5 25. Bd4 Rb3 26. Qd2 Rc8 27. Rxc8+ {½-½ (27) Dochev,D (2357)-Raev,R (2338) Pleven 2005}) 16... Nd7 17. Bxg7 {White is slightly better.} Kxg7 18. f4 Qc7 19. e5 Nf8 20. Nd5 (20. b5 $16 axb5 21. cxb5 (21. Nxb5 Qd7 $14)) 20... Bxd5 21. cxd5 {[%cal Bc4d5,Bd5c6][%mdl 32]} Qb7 22. exd6 exd6 {[#]} 23. Bf3 (23. Rc6 $1 $16) 23... Rxc1 $14 24. Rxc1 Rc8 ({Black should try} 24... Kg8 $14) 25. Rc6 $36 {[%mdl 2048] aiming for Qc3+. Black is under strong pressure.} Rxc6 $2 (25... Rd8 $16 26. Qd4+ Kg8 27. Qxb6 (27. Rxb6 Qa7 $16) 27... Rb8 28. Qxb7 (28. Qxa6 Qxb4 29. Rc1 Qxf4 $11) 28... Rxb7) 26. dxc6 $18 Qc7 27. g4 Ne6 28. f5 Nd8 29. Qc3+ Kh6 $2 {[#]} (29... Kf8 $18 30. Bd5 Kg8) 30. h4 {Precision: White = 49%, Black = 36%.} 1-0

[Event "XXX Torre Memorial 2018"]
[Site "Merida"]
[Date "2018.12.14"]
[Round "1"]
[White "Theodorou, Nikolas"]
[Black "La Rota, Fabio"]
[Result "1-0"]
[WhiteElo "2546"]
[BlackElo "2184"]
[Annotator "TA"]
[PlyCount "76"]
[EventDate "2018.12.15"]
[EventType "swiss"]
[EventCountry "MEX"]
[SourceTitle "playchess.com"]
[Source "ChessBase"]
[SourceQuality "1"]

{[%evp 18,76,18,17,35,29,17,2,7,-7,0,-53,-40,-41,-41,-60,-41,-57,-51,-37,15,17,137,155,239,236,250,250,246,258,235,233,244,235,281,288,268,249,260,259,245,257,252,250,283,275,434,270,336,336,325,222,775,362,327,338,525,513,480,385,379]} 1. Nf3 d5 2. g3 c6 3. Bg2 Nf6 4. O-O Bf5 5. c4 e6 {[%cal Be7e6,Be6d5][%mdl 32]} 6. cxd5 exd5 7. d3 Bc5 {A11: English Opening: 1...c6} 8. Qc2 (8. Qb3 Bb6 9. Nc3 O-O 10. Na4 Re8 11. Re1 Ba5 12. Qxb7 Bxe1 13. Qxa8 Bxf2+ 14. Kxf2 Qd7 15. Nd4 Bh3 16. Bf4 {1-0 (16) Meier,G (2628)-Ivanchuk,V (2710) Jerusalem 2018}) 8... Nbd7 9. Nc3 O-O 10. e4 {LiveBook: 4 Games} dxe4 11. dxe4 Bg6 12. h3 h6 $146 ({Predecessor:} 12... Re8 13. Nh4 Qc7 14. Bf4 Ne5 15. Rad1 Nh5 16. Qe2 Nxf4 17. gxf4 Be7 18. fxe5 Bxh4 19. f4 f5 20. exf5 Bf7 21. e6 {1-0 (21) Lehtinen,H (2246)-Luukkonen,T (2138) Tampere 2000}) 13. Re1 Re8 14. Bf4 {[#]} (14. Nh4 $11) 14... Nd5 $1 $15 {[%mdl 512]} 15. Nxd5 cxd5 16. Nd2 Qb6 17. Nb3 Bb4 {...Rac8 is the strong threat.} 18. Be3 Qd6 (18... Qa6 $15 19. Bd2 Bd6) 19. Red1 $11 Nf6 (19... Bxe4 $2 20. Bxe4 Rac8 21. Rxd5 $18) (19... a5 $11 {remains equal.}) 20. a3 $16 {[%mdl 64] [#] Trapped Piece} Nxe4 (20... Rxe4 $16 21. Qe2 (21. Bxe4 Bxe4 22. Qe2 Qe6 $16) 21... Bh5) 21. axb4 $18 Qxb4 22. Rd4 ({And not} 22. Rxa7 Rxa7 23. Bxa7 Nxg3 $17) (22. Rxd5 $6 Nf6) 22... Qe7 23. Bxe4 ({Don't play} 23. Rxd5 $6 Nf6 $16) 23... Bxe4 24. Qe2 Qf6 25. Nd2 Bf5 {Hoping for ...Qxd4!} 26. Qf3 ({But not} 26. Rxd5 $6 Qxb2 27. Rda5 Rad8 $16) 26... Qg6 27. Rc1 Rac8 28. Rxc8 Rxc8 29. Qxd5 Bxh3 30. Qxb7 Rc1+ 31. Kh2 Bg4 (31... Bc8 $142 32. Qe7 Qf5 33. Rd8+ Kh7) 32. Qd5 Kh7 33. Nf3 Be6 34. Qe4 Bf5 $2 (34... Qxe4 35. Rxe4 Rb1) 35. Qh4 (35. Qf4 $142) 35... Rc8 36. b4 a6 (36... Re8 $142 37. Qf4 Bc8) 37. g4 Bc2 38. Qe7 Bb3 {Accuracy: White = 70%, Black = 26%.} 1-0

[Event "XXX Torre Memorial 2018"]
[Site "Merida"]
[Date "2018.12.14"]
[Round "1"]
[White "Dias Huizar, Alvaro"]
[Black "Cordova, Emilio"]
[Result "0-1"]
[WhiteElo "2221"]
[BlackElo "2595"]
[Annotator "TA"]
[PlyCount "124"]
[EventDate "2018.12.15"]
[EventType "swiss"]
[EventCountry "MEX"]
[SourceTitle "playchess.com"]
[Source "ChessBase"]
[SourceQuality "1"]

{[%evp 18,124,15,26,14,4,10,10,18,8,12,2,11,9,7,0,2,-30,-35,-50,-25,-62,-33,-41,-41,-33,-33,-41,-20,-25,-25,-35,-35,-32,-44,-43,-38,-37,-25,-30,-13,-7,-7,-51,-34,-115,-119,-119,-118,-116,-118,-128,-114,-135,-129,-145,-145,-138,-111,-125,-121,-180,-177,-203,-200,-192,-167,-205,-183,-295,-294,-266,-177,-214,-216,-220,-198,-351,-356,-313,-233,-427,-256,-244,-240,-240,-240,-240,-240,-257,-208,-193,-190,-359,-375,-298,-201,-658,-656,-899,-856,-29957,-6444,-29980,-29981,-29981,-29981,-29981,-29982]} 1. d4 Nf6 2. Nf3 e6 3. g3 b6 4. Bg2 Bb7 5. O-O c5 6. e3 d6 7. b3 Nbd7 8. Bb2 Be7 9. Nbd2 O-O 10. c4 {LiveBook: 4 Games} a6 {A30: Symmetrical English: Double Fianchetto and Hedgehog} (10... Ne4 11. Qe2 Qc7 12. Rfd1 Rfd8 13. Nxe4 Bxe4 14. Ne1 Bxg2 15. Kxg2 Rac8 16. Rac1 Nf6 17. h3 cxd4 18. Bxd4 {0-1 (54) Jary,S (2297)-Levin,E (2505) Sochi 2016}) 11. Qe2 cxd4 $146 ({Predecessor:} 11... Ra7 12. e4 cxd4 13. Nxd4 Qa8 14. h3 Ne8 15. f4 Bf6 16. f5 exf5 17. exf5 Nc5 18. Bxb7 Qxb7 {1-0 (34) Noga,J (2054)-Malecki,R (2144) Gora Sw Anny 2008}) 12. exd4 Re8 {The position is equal.} 13. Rfe1 Bf8 14. Qd3 Rc8 15. Rac1 g6 16. Re2 b5 17. a3 bxc4 18. Nxc4 Rc7 19. b4 Qa8 {Hoping for ...Rec8.} 20. Ne1 Bxg2 21. Nxg2 Rec8 22. Rec2 Qe4 (22... Bh6 {is interesting.} 23. Nge3 Qb8 24. Na5 Rxc2 25. Rxc2 Rxc2 26. Nxc2 Qc8) 23. Qxe4 Nxe4 24. Nce3 Rxc2 25. Rxc2 Rxc2 26. Nxc2 Nb6 27. Nge3 Bg7 28. Kf1 Na4 29. Bc1 Nec3 30. Bd2 Nb5 31. Nc4 (31. d5 $15) 31... d5 $17 32. Ne5 {[#]} Nxd4 $1 {[%mdl 576] Remove Defender} 33. Nxd4 {Ndc6 is the strong threat.} Bxe5 {[%mdl 4096] Endgame KBN-KBN} 34. Nc6 Bb2 35. Nb8 Bxa3 36. Nxa6 Kf8 37. Ke2 Ke7 38. Kd3 Bb2 39. Kc2 (39. b5 $17) 39... Bd4 $19 40. f3 Kd7 41. b5 Bg1 42. h3 Nc5 43. Nb4 (43. Nxc5+ $142 Bxc5 44. g4) 43... Kc7 44. Nc6 Nb7 45. Kb3 Kb6 46. Ne5 f5 ({Don't take} 46... Kxb5 47. Nxf7 Bf2 48. Bf4 $17) 47. Nd7+ $2 (47. Kb4 {keeps fighting.}) 47... Kxb5 48. Nf8 Bf2 49. g4 $2 (49. Nxe6 Bxg3 50. Nd4+ Kb6 51. Be3 Nc5+ 52. Kc3) 49... fxg4 (49... e5 $142 50. Nxh7 e4) 50. hxg4 e5 51. Nxh7 {intending Nf8.} Nc5+ 52. Kc2 {[#]} Ne6 $1 53. Nf6 Kc5 54. Kd3 Kc6 55. Ke2 $2 (55. Bc3 {was worth a try.}) 55... Bh4 56. Nh7 Kd7 57. f4 $2 (57. Bc3 d4 58. Bd2) 57... exf4 58. Kf3 Ng5+ 59. Nxg5 Bxg5 60. Bxf4 Bxf4 {Black mates.} 61. Kxf4 Ke6 62. g5 Kd6 {Accuracy: White = 29%, Black = 72%.} 0-1

[Event "XXX Torre Memorial 2018"]
[Site "Merida"]
[Date "2018.12.14"]
[Round "1"]
[White "Amaro Alfonso, Raynner"]
[Black "Albornoz Cabrera, Carlos Daniel"]
[Result "0-1"]
[WhiteElo "2212"]
[BlackElo "2559"]
[Annotator "TA"]
[PlyCount "78"]
[EventDate "2018.12.15"]
[EventType "swiss"]
[EventCountry "MEX"]
[SourceTitle "playchess.com"]
[Source "ChessBase"]
[SourceQuality "1"]

{[%evp 27,78,14,12,13,54,53,62,35,79,34,53,48,33,46,53,51,91,18,15,0,0,0,25,0,5,0,7,-60,-70,-140,-118,-204,-189,-549,-553,-1167,-1165,-1127,-1088,-29988,-29989,-29989,-29990,-29991,-29990,-29990,-29991,-29994,-29994,-29995,-29993,-29993,-29994]} 1. e4 c5 2. Nf3 d6 3. d4 cxd4 4. Nxd4 Nf6 5. Nc3 a6 6. f3 e5 7. Nb3 Be6 8. Be3 h5 9. Qd2 Nbd7 10. Nd5 {B90: Sicilian Najdorf: Unusual White 6th moves, 6 Be3 Ng4 and 6 Be3 e5} Bxd5 11. exd5 g6 12. Be2 Bg7 13. O-O (13. O-O-O O-O 14. g4 a5 15. a4 Nb6 16. gxh5 Nxh5 17. Bb5 Nf6 {0-1 (71) Leko,P (2690)-Vachier Lagrave,M (2780) Batumi 2018}) 13... b6 14. c4 O-O {LiveBook: 31 Games} 15. Rae1 a5 16. Na1 $146 {[%cal Bb3a1,Ba1c2,Bc2a3,Ba3b5][%mdl 32]} ({Predecessor:} 16. Kh1 Kh7 17. Bd3 Nc5 18. Nxc5 bxc5 {½-½ (57) Remizov,Y (2317)-Salemgareev,T (2375) Riga 2018}) 16... Nc5 17. Nc2 Re8 18. Bd1 Qd7 19. Na3 e4 20. Bc2 exf3 21. gxf3 h4 22. Bd4 (22. Nb5 $16) 22... Qh3 23. Rxe8+ Rxe8 24. Nb5 Qd7 25. a3 Qe7 26. b4 Ncd7 27. Bb3 (27. f4 $11) 27... Nh5 $15 28. Bf2 ({Better is} 28. Bxg7 $15 Nxg7 29. Nd4) 28... Be5 $36 {[%mdl 2048] Black is really pushing.} 29. Kh1 (29. Re1 $17) 29... Bf4 $19 30. Qd1 $2 {[#]} (30. Qc2 {was the crucial defense.}) 30... Ng3+ $1 {[%mdl 512]} 31. hxg3 hxg3 32. Bxg3 Bxg3 33. Qd2 Qh4+ {Black mates.} 34. Kg1 Bf4 35. Qb2 Be3+ 36. Kg2 Re5 {[%cal Be8e5,Be5g5,Bg5g1,Bg1b1][%mdl 32]} 37. Rb1 Rg5+ 38. Kf1 Rg1+ 39. Ke2 Rxb1 {Accuracy: White = 25%, Black = 53%.} 0-1

[Event "XXX Torre Memorial 2018"]
[Site "Merida"]
[Date "2018.12.14"]
[Round "1"]
[White "Corrales Jimenez, Zenia"]
[Black "Almeida Quintana, Omar"]
[Result "1-0"]
[WhiteElo "2177"]
[BlackElo "2545"]
[Annotator "TA"]
[PlyCount "123"]
[EventDate "2018.12.15"]
[EventType "swiss"]
[EventCountry "MEX"]
[SourceTitle "playchess.com"]
[Source "ChessBase"]
[SourceQuality "1"]

{[%evp 14,123,80,76,120,56,97,82,73,74,164,141,188,89,171,170,168,175,189,175,196,209,185,216,193,150,153,101,97,99,105,116,125,112,105,95,110,83,158,166,175,150,156,103,85,0,136,0,159,164,160,148,157,147,131,141,233,193,225,196,191,158,158,148,177,184,246,255,255,255,241,238,1193,1156,1106,592,1356,535,2339,427,11188,10135,9987,8007,268,261,12850,12849,12798,1175,612,0,8536,2841,6156,5077,5575,5057,12314,11702,12741,8287,12295,6621,6103,5808,5575,5057,4627,4622,1490,1191]} 1. e4 d6 2. d4 Nf6 3. Nc3 c6 4. f4 Qa5 5. Bd2 Qb6 6. Nf3 Bg4 7. e5 Nd5 8. exd6 {LiveBook: 3 Games. B07: Pirc Defence: Miscellaneous Systems} (8. Ne4 Bxf3 9. gxf3 Qd8 10. c4 Nc7 11. Qb3 b6 12. O-O-O d5 13. f5 e6 14. Nc3 Qh4 15. fxe6 fxe6 {1-0 (50) Filipovic,B (2409)-Vidovic,S (2354) Sibenik 2011}) 8... exd6 9. Bc4 $146 ({White should play} 9. Qe2+ $16 Kd8 10. O-O-O) ({Predecessor:} 9. Qe2+ Ne7 10. d5 Nd7 11. O-O-O Nf6 12. dxc6 bxc6 13. h3 Bxf3 14. Qxf3 d5 15. Bd3 Rb8 {1-0 (25) Grippo,L (2231)-Gionfriddo,M (1822) ICCF email 2013}) 9... Nf6 10. d5 {White is better.} Be7 11. h3 Bf5 (11... Bd7 $16) 12. g4 $18 Ne4 {[%csl Ge4][%cal Rb6f2]} 13. Rf1 (13. Qe2 $1 $18 {is the precise move to win.} Ng3 14. Qg2) 13... Nxd2 (13... Qxb2 $16 14. Rb1 Nxc3 15. Rxb2 Nxd1 16. Kxd1 Bc8) 14. Qxd2 Bd7 15. O-O-O O-O 16. f5 Qb4 17. Bb3 c5 18. a3 Qa5 19. Ne4 Qxd2+ 20. Rxd2 ({Much less strong is} 20. Nexd2 $6 Na6 $14) ({Don't do} 20. Kxd2 $6 b5 $14) (20. Nfxd2 $142 b5 21. c4) 20... b5 21. c4 Na6 22. f6 Bxf6 23. Nxf6+ gxf6 24. Nh4 $1 Kg7 25. Rdf2 Rae8 (25... bxc4 $142 26. Bxc4 Nc7) 26. Rxf6 $16 Re1+ 27. Rxe1 Kxf6 28. Rf1+ (28. cxb5 $142 Nc7 29. a4) 28... Ke7 29. Re1+ (29. cxb5 $142 Bxb5 30. Nf5+ Kd7 31. Rf4) 29... Kf6 30. Rf1+ (30. cxb5 $1 $16 Nc7 31. a4) 30... Kg7 $2 (30... Ke7 $11) 31. cxb5 $1 Nc7 32. a4 $1 Re8 33. Bc4 Re3 34. Nf3 f5 (34... h6 $16 {was called for.} 35. b3 Re4) 35. gxf5 Bxf5 36. Ng5 Kg6 37. Rg1 {Strongly threatening Ne6+.} Kf6 38. a5 $1 {[%cal Ba4a5,Ba5b6][%mdl 32]} Re8 {[#]} 39. Ne6 $1 {[%cal Re6c7][%mdl 512]} Bxe6 (39... Nxe6 {is a better defense.} 40. dxe6 h6) 40. dxe6 $18 {[%cal Bd5e6,Be6e7][%mdl 4128] Endgame KRB-KRN} d5 41. b6 axb6 42. axb6 dxc4 $2 (42... Na8) 43. bxc7 {KR-KR} Rc8 {[#]} 44. e7 $1 {[%mdl 512]} Kf7 {[#]} (44... Kxe7 45. Rg7+) 45. Kc2 (45. e8=Q+ $142 $1 {[%mdl 512]} Rxe8 46. Rd1) 45... h6 {[#]} 46. Kc3 (46. e8=R $142 $1 {[%mdl 512]} Rxe8 47. Rf1+ Kg6 48. Ra1) 46... Rxc7 {[#]} (46... Kxe7 $142 47. Rg7+ (47. Kxc4 Kf6 $16) 47... Kd6) 47. Rg7+ $1 {[%mdl 512]} Ke8 (47... Kxg7 48. e8=Q) 48. Kxc4 Rc6 49. Kb5 Rf6 $2 (49... Rd6 50. Kxc5 Rd3) 50. Kxc5 Rf5+ 51. Kd6 (51. Kb6 $142 Rf4 52. Ka5) 51... Rf6+ 52. Kc5 (52. Kc7 $142 Rf4 53. Rg4) 52... Rf5+ $1 53. Kb4 (53. Kc4 $142 Rf4+ 54. Kc5) 53... Rf4+ 54. Ka5 Rf5+ 55. Ka4 Rh5 56. Rg3 Kxe7 57. Rd3 Re5 58. b4 {[%cal Bb2b4,Bb4b5][%mdl 32]} Re1 59. b5 Rb1 60. Ka5 Ra1+ 61. Kb6 Rb1 62. Ka6 {Accuracy: White = 68%, Black = 39%.} 1-0

[Event "XXX Torre Memorial 2018"]
[Site "Merida"]
[Date "2018.12.14"]
[Round "2"]
[White "Cordova, Emilio"]
[Black "Campos Jimenez, Augusto Cesar"]
[Result "1/2-1/2"]
[WhiteElo "2595"]
[BlackElo "2381"]
[Annotator "TA"]
[PlyCount "82"]
[EventDate "2018.12.15"]
[EventType "swiss"]
[EventCountry "MEX"]
[SourceTitle "playchess.com"]
[Source "ChessBase"]
[SourceQuality "1"]

{[%evp 9,82,13,15,8,10,0,25,0,9,-30,-21,-32,-22,-53,-15,-26,-13,-15,-9,-3,1,-20,1,-52,2,-60,0,-96,-83,-101,-61,-52,-36,-75,-35,-85,-42,-85,-78,-78,-84,-82,-81,-97,-74,-79,-67,-70,-45,-54,-29,-41,0,-22,-6,-10,0,0,0,0,0,0,0,0,0,0,0,0,0,-4,-7,-2,-8,-37,-31]} 1. d4 Nf6 2. Bg5 d5 3. Nd2 c6 4. e3 Bg4 5. Ngf3 Nbd7 {LiveBook: 8 Games} 6. c3 {D00: 1 d4 d5: Unusual lines} (6. c4 e6 7. Bd3 Be7 8. Qb3 Qb6 9. Qc2 Bh5 10. O-O Bg6 11. c5 Qd8 12. b4 Bxd3 13. Qxd3 {1-0 (62) Artemiev,V (2692)-Radjabov,T (2742) Tbilisi 2017}) 6... e6 7. h3 Bh5 8. g4 $146 {White has an edge.} ({Predecessor:} 8. Bd3 Be7 9. Qc2 Bg6 10. Bxg6 hxg6 11. Bf4 c5 12. Qa4 {1-0 (42) Mohamad,J (1850)-Cwiek,P (1770) France 2005}) 8... Bg6 9. Ne5 Qb6 {White should prevent ...Nxe5.} 10. Nxg6 hxg6 11. b4 Be7 12. Rb1 e5 13. Bg2 exd4 14. exd4 Nf8 15. Be3 Ne6 16. f4 (16. b5 $11) 16... Qa6 (16... a5 $15 17. b5 cxb5) 17. Bf1 (17. Qe2 $1 $11) 17... Qb6 ({Black should try} 17... Qa3 $15 18. Bg2 a5) 18. f5 (18. Bg2 $1 $11 {remains equal.}) 18... gxf5 $17 19. gxf5 Nf8 20. Rg1 Rh7 21. Qf3 N8d7 22. Bd3 Kf8 23. Kf1 Bd6 24. Re1 a5 25. a3 axb4 26. axb4 Ra3 27. Nb1 Ra2 28. Rg2 Rxg2 29. Kxg2 Bb8 30. Nd2 Qa7 31. Nf1 Bd6 32. Bf4 Qb8 33. Bxd6+ Qxd6 34. Qg3 Qxg3+ 35. Nxg3 Rh6 36. Ra1 Ke7 37. Ra7 b5 38. Ra6 Ne8 39. Ne2 Nc7 40. Ra7 Kd6 41. Ng3 Nf6 {Accuracy: White = 36%, Black = 45%.} 1/2-1/2

[Event "XXX Torre Memorial 2018"]
[Site "Merida"]
[Date "2018.12.14"]
[Round "2"]
[White "Albornoz Cabrera, Carlos Daniel"]
[Black "Perez Rodriguez, Luis Manuel"]
[Result "1-0"]
[WhiteElo "2559"]
[BlackElo "2354"]
[Annotator "TA"]
[PlyCount "71"]
[EventDate "2018.12.15"]
[EventType "swiss"]
[EventCountry "MEX"]
[SourceTitle "playchess.com"]
[Source "ChessBase"]
[SourceQuality "1"]

{[%evp 38,71,37,67,137,135,141,136,154,145,137,153,139,154,153,143,168,151,151,161,164,96,139,87,91,0,2,17,145,162,150,108,2154,2145,1210,1184]} 1. Nf3 d5 2. d4 Nf6 3. c4 c6 4. Nc3 e6 5. Bg5 dxc4 6. e4 b5 7. e5 h6 8. Bh4 g5 9. Nxg5 hxg5 10. Bxg5 Nbd7 11. g3 Bb7 12. Bg2 Qb6 13. exf6 c5 14. d5 O-O-O 15. O-O b4 16. Rb1 Qa6 17. dxe6 Bxg2 18. e7 Bxf1 19. Kxf1 {D44: Semi-Slav: Botvinnik System} (19. Qxf1 bxc3 20. bxc3 Bh6 21. Bxh6 Rxh6 22. Qg2 Rdh8 23. Qa8+ Kc7 24. e8=Q Rxe8 25. Qxe8 Rxf6 26. Qe4 Qc6 {0-1 (34) Lenic,L (2662)-Andreikin,D (2712) chess.com INT 2018}) 19... Bxe7 20. fxe7 {LiveBook: 31 Games} Rde8 ({Black should try} 20... Rdg8 $14 21. Ne4 c3+ 22. Kg1 Rxg5 23. Nxg5 Qg6) 21. Ne4 $16 {Nd6+ is the strong threat.White is clearly better.} Qc6 $146 ({Predecessor:} 21... c3+ 22. Kg1 {1-0 (22) Celestini,M (2236)-Bondi,A (2356) ICCF email 2017}) 22. Nd6+ {[%mdl 64] [#] Double Attack} Kc7 23. Nxe8+ Rxe8 24. Kg1 Ne5 {[#] Threatens to win with ...Nf3+.} 25. Bf4 $1 {[%cal Rf4e5]} ({But not} 25. Qd8+ $6 Kb7 $11) 25... Rxe7 26. Qe2 Kb6 27. Bxe5 f6 28. Qxc4 Rxe5 {[%mdl 4096] Endgame KQR-KQR} 29. a3 (29. b3 $18) 29... Qe4 30. Qf1 (30. Qxe4 $142 Rxe4 31. h4) 30... a5 31. axb4 ({White should play} 31. Rc1 $16) 31... axb4 $11 32. h4 f5 (32... c4 $11) 33. Ra1 $36 {[%mdl 2048] And now Qa6+ would win. White is on the roll.} Qe2 34. Qc1 {Black must now prevent Qh6+.} c4 $2 {[%mdl 8192]} (34... Kb5 $16) 35. Qh6+ $18 Re6 36. Qf8 {Accuracy: White = 53%, Black = 43%.} 1-0